BIBLIOTECA PODER JUDICIAL
Portal Judicial TDF

Diez años de vigencia del Código Civil y Comercial : (Registro nro. 5683)

000 -LEADER
fixed length control field 01200nab a22002657a 4500
003 - CONTROL NUMBER IDENTIFIER
control field OSt
005 - DATE AND TIME OF LATEST TRANSACTION
control field 20251226234820.0
008 - FIXED-LENGTH DATA ELEMENTS--GENERAL INFORMATION
fixed length control field 190603e xxum|||| |||| 00| 0 spa d
040 ## - CATALOGING SOURCE
Transcribing agency PJ
100 ## - MAIN ENTRY--PERSONAL NAME
9 (RLIN) 6147
Personal name Calderón, Maximiliano R.
245 10 - TITLE STATEMENT
Title Diez años de vigencia del Código Civil y Comercial :
Remainder of title balances en materia contractual /
Statement of responsibility, etc Maximiliano R. Calderón.
260 ## - PUBLICATION, DISTRIBUTION, ETC. (IMPRINT)
Date of publication, distribution, etc Ciudad Autónoma de Buenos Aires :
Place of publication, distribution, etc Thomson Reuters La Ley,
Name of publisher, distributor, etc 2025.
300 ## - PHYSICAL DESCRIPTION
Extent p. 151-162
500 ## - GENERAL NOTE
General note Cita: TR LALEY AR/DOC/1768/2025 <br/>Publicado en: RCCyC 2025 (agosto).
505 ## - FORMATTED CONTENTS NOTE
Formatted contents note Sumario: I. Propuesta metodológica.— II. Análisis particular.— III. Un fracaso regulatorio: el contrato de locación.— IV. Reflexiones finales.
505 ## - FORMATTED CONTENTS NOTE
Title ¿Te interesa el texto completo? Solicitalo al correo: koha@justierradelfuego.gov.ar
650 #0 - SUBJECT ADDED ENTRY--TOPICAL TERM
9 (RLIN) 1497
Topical term or geographic name as entry element CODIGO CIVIL Y COMERCIAL
650 #0 - SUBJECT ADDED ENTRY--TOPICAL TERM
9 (RLIN) 3463
Topical term or geographic name as entry element CONTRATOS
650 #0 - SUBJECT ADDED ENTRY--TOPICAL TERM
9 (RLIN) 3438
Topical term or geographic name as entry element COMPRAVENTA
650 #0 - SUBJECT ADDED ENTRY--TOPICAL TERM
9 (RLIN) 2037
Topical term or geographic name as entry element LOCACION
650 #0 - SUBJECT ADDED ENTRY--TOPICAL TERM
9 (RLIN) 4094
Topical term or geographic name as entry element CONTRATO
650 #0 - SUBJECT ADDED ENTRY--TOPICAL TERM
9 (RLIN) 1929
Topical term or geographic name as entry element FIANZA
773 0# - HOST ITEM ENTRY
Host Biblionumber 2713
Host Itemnumber 3170
Place, publisher, and date of publication Ciudad Autónoma de Buenos Aires : Thomson Reuters La Ley, 2015-
Title Revista Código Civil y Comercial. Nº 4 - Agosto 2025
942 ## - ADDED ENTRY ELEMENTS (KOHA)
Source of classification or shelving scheme
Koha item type Analítica Artículo de Revista

No hay ítems disponibles.

12 de Octubre 789 Ushuaia - Tel:  54(02901)441571
Horario de Atención: 8.00 a 17.00 hs. 
bibliotecaush@justierradelfuego.gov.ar
koha@justierradelfuego.gov.ar
Seguinos en nuestras redes @bibliojustdf 

Con tecnología Koha